000
00223nam a2200097Ia 4500
005
20251222114406.0
008
251222s1900||||xx |||||||||||||| ||spa||
082
_a
DVD0060/M12/2002
245
0
_a
Nicholas Nickleby:
942
_c
DVD
999
_c
1843
_d
1843